[Event "DM Hurtigskak 2024"]
[Site "Helsingor"]
[Date "2024.08.31"]
[Round "7.10"]
[White "Ostergaard, Jens"]
[Black "Larsen, Ole Bogh"]
[Result "0-1"]
[WhiteElo "2222"]
[BlackElo "2244"]
[WhiteFideId "1400606"]
[BlackFideId "1402188"]
[EventDate "2024.08.31"]
[EventType "swiss"]
[EventRounds "9"]
[EventCountry "DEN"]
[SourceTitle "Live v. Kasper Jerwiarz"]

1. d4 f5 2. Nf3 Nf6 3. g3 e6 4. Bg2 Be7 5. O-O O-O 6. c4 Ne4 7. b3 Bf6 8. Bb2 d6 9. Nc3 Nxc3 10. Bxc3 Nc6 11. b4 Qe7 12. Re1 e5 13. b5 Nd8 14. dxe5 dxe5 15. e4 fxe4 16. Rxe4 Bf5 17. Re1 e4 18. Bxf6 Qxf6 19. Nd4 Bg6 20. Qd2 Ne6 21. Nxe6 Qxe6 22. Qd5 Qxd5 23. cxd5 Rad8 24. Red1 Rd6 25. Rac1 Rf7 26. Rc4 Re7 27. Bh3 h6 28. Be6+ Rexe6 29. Rxc7 Re5 30. Rxb7 Rexd5 31. Rc1 Rd7 32. Rb8+ Kh7 33. Rcc8 Bf5 34. a4 Bh3 0-1

[Event "DM Hurtigskak 2024"]
[Site "Helsingor"]
[Date "2024.08.31"]
[Round "8.1"]
[White "Bjerre, Jonas Buhl"]
[Black "Falkesgaard, Jeppe Hald"]
[Result "1-0"]
[WhiteElo "2475"]
[BlackElo "2189"]
[EventDate "2024.08.31"]
[EventType "swiss"]
[EventRounds "9"]
[EventCountry "DEN"]
[SourceTitle "Live v. Kasper Jerwiarz"]

1. e4 c5 2. Nf3 Nc6 3. Bc4 e6 4. O-O Nf6 5. Re1 Nxe4 6. Rxe4 d5 7. Bxd5 Qxd5 8. Nc3 Qd8 9. d4 cxd4 10. Nxd4 Bd7 11. Ndb5 a6 12. Nd6+ Bxd6 13. Qxd6 Qe7 14. Qg3 O-O 15. Nd5 Qd8 16. Bh6 g6 17. Nf4 Re8 18. Nh5 f6 19. Rd1 Kf7 20. Nxf6 Qxf6 21. Rf4 1-0

[Event "DM Hurtigskak 2024"]
[Site "Helsingor"]
[Date "2024.08.31"]
[Round "8.2"]
[White "Thybo, Jesper Sondergaard"]
[Black "Meskenas, Paulius"]
[Result "1-0"]
[WhiteElo "2484"]
[BlackElo "2204"]
[EventDate "2024.08.31"]
[EventType "swiss"]
[EventRounds "9"]
[EventCountry "DEN"]
[SourceTitle "Live v. Kasper Jerwiarz"]

1. Nf3 Nf6 2. g3 d5 3. Bg2 g6 4. O-O Bg7 5. d4 O-O 6. c4 dxc4 7. Na3 c6 8. Nxc4 Be6 9. Nce5 Bd5 10. Qc2 Nbd7 11. Rd1 Rc8 12. Nd3 Be4 13. Qb3 b6 14. Bg5 Nd5 15. Rac1 h6 16. Bd2 Kh7 17. Ng5+ hxg5 18. Bxe4 Bxd4 19. Bxd5 cxd5 20. Qxd5 Nc5 21. Qxd8 Rfxd8 22. Bxg5 Nxd3 23. Rxd3 Bxb2 24. Rxd8 Rxd8 25. Rc7 Rd5 26. Bxe7 Ra5 27. Bb4 Ra4 28. Bd6 Rxa2 29. Rxf7+ Kg8 30. Rb7 Bc3 31. Kf1 Bd4 32. e3 Ra1+ 33. Ke2 Ra2+ 34. Kd3 Bg7 35. f3 Rxh2 36. Rxa7 Rh1 37. Ke4 Rd1 38. Be5 Bf8 39. Bd4 b5 40. Ra6 Kh7 41. Rf6 Ba3 42. Rf7+ Kh6 43. g4 g5 44. Kf5 Rc1 45. Bg7+ Kh7 46. Bb2+ Kg8 47. Bxc1 1-0

[Event "DM Hurtigskak 2024"]
[Site "Helsingor"]
[Date "2024.08.31"]
[Round "8.3"]
[White "Hansen, Sune Berg"]
[Black "Hector, Jonny"]
[Result "1/2-1/2"]
[WhiteElo "2576"]
[BlackElo "2498"]
[EventDate "2024.08.31"]
[EventType "swiss"]
[EventRounds "9"]
[EventCountry "DEN"]
[SourceTitle "Live v. Kasper Jerwiarz"]

1. e4 e5 2. Nf3 Nc6 3. Bc4 Nf6 4. d3 d5 5. exd5 Nxd5 6. O-O Nb6 7. Bb5 Bd6 8. Bxc6+ bxc6 9. Nxe5 Bxe5 10. Re1 Qe7 11. Kh1 Bb7 12. f4 O-O-O 13. Rxe5 Qh4 14. Nc3 c5 15. Qe2 Nd7 16. Rh5 Qf6 17. Bd2 g6 18. Rg5 Rhe8 19. Qf2 h6 20. Rg3 Qc6 21. Re1 Nf6 22. Kg1 Rxe1+ 23. Qxe1 c4 24. Qf2 cxd3 25. cxd3 Qa6 26. h3 Rxd3 27. Rxd3 Qxd3 28. Qe2 Qd6 29. Be3 a6 30. Qd2 Qc6 31. Kh2 h5 32. Bd4 Qd6 33. Be3 Qc6 34. Bd4 Ne4 35. Nxe4 Qxe4 36. Bf6 Bc6 37. a3 a5 38. Bc3 a4 39. Bf6 Bd5 40. Qf2 Kd7 41. Bc3 c5 42. Bf6 Ke6 43. Bc3 Kf5 44. Qg3 Qxf4 45. Qxf4+ Kxf4 46. g3+ Kf3 47. Bf6 Be6 48. Be7 c4 49. Bf6 Ke4 50. Be7 Kf5 51. Kg2 g5 52. Kh2 f6 53. Kg2 h4 54. gxh4 gxh4 55. Bd8 Ke5 56. Kh2 Bd5 57. Be7 f5 58. Bxh4 Kf4 59. Kg1 Kf3 60. Bf2 f4 61. Bd4 Be6 62. h4 Bg4 63. Bc5 Kg3 64. Bf2+ Kh3 65. Bd4 Kxh4 66. Kf2 Kg5 67. Bc3 Kf5 68. Bg7 Ke4 69. Bc3 1/2-1/2

[Event "DM Hurtigskak 2024"]
[Site "Helsingor"]
[Date "2024.08.31"]
[Round "8.4"]
[White "Bromann, Thorbjorn"]
[Black "Pedersen, Daniel Vesterbaek"]
[Result "1/2-1/2"]
[WhiteElo "2413"]
[BlackElo "2240"]
[EventDate "2024.08.31"]
[EventType "swiss"]
[EventRounds "9"]
[EventCountry "DEN"]
[SourceTitle "Live v. Kasper Jerwiarz"]

1. d4 Nf6 2. Nc3 d5 3. Bg5 c5 4. Bxf6 exf6 5. dxc5 Be6 6. b4 d4 7. Nb5 Nc6 8. Nf3 Nxb4 9. Nbxd4 Bxc5 10. c3 Nc6 11. Nxe6 Qxd1+ 12. Rxd1 fxe6 13. e3 Ke7 14. Bb5 Rac8 15. Ke2 Rhd8 16. Bd3 h6 17. Be4 Rxd1 18. Rxd1 Na5 19. Rb1 Bb6 20. Rc1 Rc4 21. Nd2 Ra4 22. Rc2 f5 23. Bd3 Rg4 24. g3 Rg6 25. e4 Rf6 26. Rb2 f4 27. f3 fxg3 28. hxg3 h5 29. Rb5 Rh6 30. c4 Bc7 31. Nb3 Nxb3 32. axb3 b6 33. Rg5 Kf6 34. f4 h4 35. e5+ Kf7 36. gxh4 Rxh4 37. Kf3 Rh3+ 38. Ke4 Bd8 39. Rg2 Be7 40. Be2 Bc5 41. Bf3 Rh4 42. Rg4 Rh2 43. Rg2 Rh4 44. Bg4 Rh1 45. Ra2 a5 46. Rd2 Ke7 47. Rg2 Re1+ 48. Be2 Kf7 49. Kd3 Rb1 50. Kc2 Rh1 51. Bg4 g6 52. Kd3 Rb1 53. Kc2 Rf1 54. Rd2 Ke7 55. Rh2 Rxf4 56. Rh7+ Rf7 57. Rh6 Rg7 58. Kd3 Bf2 59. Ke4 Bc5 60. Rh8 Bg1 61. Rc8 Kd7 62. Rb8 Re7 63. Rg8 Kc6 64. Rxg6 Kc5 65. Bxe6 Bd4 66. Rh6 Re8 67. Rf6 Re7 68. Rh6 Re8 69. Kf5 Rf8+ 70. Rf6 Rh8 71. Ke4 Rh4+ 72. Rf4 Rxf4+ 73. Kxf4 Kb4 74. Ke4 Bc5 75. Kd5 Kxb3 76. Bd7 a4 77. Bxa4+ Kxa4 78. Kc6 Ka5 79. e6 Bf8 80. Kc7 Be7 81. Kc6 Bg5 82. Kc7 Be7 83. Kc6 Bg5 1/2-1/2

[Event "DM Hurtigskak 2024"]
[Site "Helsingor"]
[Date "2024.08.31"]
[Round "8.5"]
[White "Larsen, Karsten"]
[Black "Hove, Esben Kjems"]
[Result "0-1"]
[WhiteElo "2235"]
[BlackElo "2305"]
[EventDate "2024.08.31"]
[EventType "swiss"]
[EventRounds "9"]
[EventCountry "DEN"]
[SourceTitle "Live v. Kasper Jerwiarz"]

1. e4 c6 2. d4 d5 3. e5 Bf5 4. Nf3 e6 5. Be2 Nd7 6. O-O a5 7. Be3 a4 8. a3 f6 9. c4 fxe5 10. dxe5 Bc5 11. Nd4 Bxd4 12. Qxd4 c5 13. Qf4 d4 14. Bc1 Ne7 15. Qg3 O-O 16. Bg5 Qe8 17. Nd2 Nc6 18. f4 Qg6 19. Nf3 Kh8 20. Nh4 Qf7 21. Nxf5 exf5 22. Bd3 Na5 23. Rac1 Nb6 24. e6 Qxe6 25. Rfe1 Qg8 26. Be7 Nbxc4 27. Bxc5 Rfd8 28. Bxf5 Ne3 29. Be4 Nb3 30. Bb6 Nxc1 31. Bxd8 Qc4 32. Qh4 h6 33. Bf6 Kg8 34. Bxg7 Kxg7 35. Qe7+ Qf7 36. Qe5+ Qf6 37. Qc7+ Qf7 38. Qe5+ Qf6 39. Qc7+ Qf7 40. Qxc1 Qxf4 41. Bf3 Rd8 42. Qc5 Nf5 43. Qb6 Rd7 44. Qb5 Rc7 45. Qd5 Ne3 46. Be4 Nxd5 0-1

[Event "DM Hurtigskak 2024"]
[Site "Helsingor"]
[Date "2024.08.31"]
[Round "8.6"]
[White "Christensen, Janus"]
[Black "Molvig, Henrik"]
[Result "1-0"]
[WhiteElo "2099"]
[BlackElo "2125"]
[EventDate "2024.08.31"]
[EventType "swiss"]
[EventRounds "9"]
[EventCountry "DEN"]
[SourceTitle "Live v. Kasper Jerwiarz"]

1. e4 c5 2. Nf3 d6 3. d4 cxd4 4. Nxd4 Nf6 5. Nc3 a6 6. Bg5 e6 7. f4 Nbd7 8. Bc4 b5 9. Bxe6 fxe6 10. Nxe6 Qb6 11. Nd5 Nxd5 12. Qxd5 Bb7 13. Nxg7+ Bxg7 14. Qe6+ Kf8 15. Be7+ Ke8 16. Bf6+ 1-0

[Event "DM Hurtigskak 2024"]
[Site "Helsingor"]
[Date "2024.08.31"]
[Round "8.7"]
[White "Larsen, Ole Bogh"]
[Black "Nielsen, Frode Benedikt"]
[Result "0-1"]
[WhiteElo "2244"]
[BlackElo "2066"]
[EventDate "2024.08.31"]
[EventType "swiss"]
[EventRounds "9"]
[EventCountry "DEN"]
[SourceTitle "Live v. Kasper Jerwiarz"]

1. d4 Nf6 2. Nf3 e6 3. g3 b6 4. Bg2 Bb7 5. O-O d5 6. c4 Nbd7 7. b3 Be7 8. Nc3 O-O 9. Bb2 c5 10. cxd5 Nxd5 11. Nxd5 Bxd5 12. dxc5 Nxc5 13. Rc1 Bf6 14. Bxf6 Qxf6 15. Qd4 Qxd4 16. Nxd4 Bxg2 17. Kxg2 Rfd8 18. Rfd1 Kf8 19. Nc6 Rd7 20. Ne5 Rxd1 21. Rxd1 Rc8 22. Nd7+ Ke7 23. Ne5 f6 24. Nc4 Ne4 25. f3 Nc3 26. Rd2 Rd8 27. Rc2 Nd5 28. Kf2 Nb4 29. Rb2 b5 30. Ne3 a6 31. a3 Nd5 32. Nxd5+ Rxd5 33. Rc2 Kd7 34. Ke3 e5 35. b4 Rd1 36. Ke4 Ra1 37. Rc3 Ra2 38. Ke3 h6 39. Kd3 Kd6 40. h4 g6 41. g4 f5 42. gxf5 gxf5 43. e3 Ra1 44. Rc8 Rxa3+ 45. Ke2 Ra2+ 46. Kd3 Ra3+ 47. Kd2 Kd5 48. Rc5+ Kd6 49. Rc8 Rb3 50. Rh8 Rxb4 51. Rxh6+ Kd5 52. Rxa6 Rxh4 53. Kd3 Kc5 54. Re6 e4+ 55. fxe4 fxe4+ 56. Kd2 Kc4 57. Rc6+ Kb4 58. Rd6 Rh2+ 59. Kc1 Kc3 60. Rd1 b4 61. Kb1 b3 62. Rc1+ Kd3 63. Re1 Rd2 64. Kc1 Rc2+ 65. Kb1 Re2 66. Rc1 Rxe3 67. Kb2 Kd2 68. Rc8 Rd3 0-1

[Event "DM Hurtigskak 2024"]
[Site "Helsingor"]
[Date "2024.08.31"]
[Round "8.8"]
[White "Le Besq, Alexander"]
[Black "Rosenlund, Thorbjorn"]
[Result "1-0"]
[WhiteElo "2057"]
[BlackElo "2121"]
[EventDate "2024.08.31"]
[EventType "swiss"]
[EventRounds "9"]
[EventCountry "DEN"]
[SourceTitle "Live v. Kasper Jerwiarz"]

1. e4 e5 2. Nf3 d6 3. d4 exd4 4. Nxd4 Nf6 5. Nc3 Be7 6. Rg1 O-O 7. g4 d5 8. e5 Ne4 9. Nxe4 dxe4 10. Bf4 Bc5 11. Nf5 Nc6 12. Qxd8 Rxd8 13. Bb5 Bxf5 14. Bxc6 Be6 15. Bxe4 Rd4 16. Bxb7 Rb8 17. Be3 Rxb7 18. Bxd4 Bxd4 19. Rd1 Bc5 20. Rd8+ Bf8 21. b3 g5 22. h4 Rb5 23. hxg5 Rxe5+ 24. Kd2 Rxg5 25. Ra8 a5 26. a4 Kg7 27. Kd3 Bxg4 28. Ke3 Kf6 29. Ra6+ Bd6 30. f4 h5 31. fxg5+ 1-0

[Event "DM Hurtigskak 2024"]
[Site "Helsingor"]
[Date "2024.08.31"]
[Round "8.9"]
[White "Wahlgreen, Noah Krug"]
[Black "Eriksson, Christian Altenburg"]
[Result "0-1"]
[WhiteElo "2025"]
[BlackElo "2080"]
[EventDate "2024.08.31"]
[EventType "swiss"]
[EventRounds "9"]
[EventCountry "DEN"]
[SourceTitle "Live v. Kasper Jerwiarz"]

1. e4 c5 2. Nf3 Nc6 3. d4 cxd4 4. Nxd4 e5 5. Nb5 d6 6. N1c3 a6 7. Na3 Be7 8. Nc4 b5 9. Ne3 Nf6 10. Bd3 Nb4 11. Be2 O-O 12. O-O Be6 13. a3 Nc6 14. Ned5 Nd4 15. Bd3 Rb8 16. Be3 Nc6 17. Qd2 Ng4 18. Nxe7+ Nxe7 19. Bg5 h6 20. Bh4 g5 21. Bg3 Ng6 22. Be2 Nf6 23. Rfd1 Rb6 24. f3 Qb8 25. Bf2 Rc6 26. Nd5 Bxd5 27. exd5 Rc7 28. g3 Rfc8 29. Bd3 Ne7 30. h4 Nh7 31. c3 f6 32. Qc2 Nf8 33. Bf5 Nxf5 34. Qxf5 Kg7 35. Kg2 Re8 36. Rh1 Qc8 37. Qc2 Rc4 38. hxg5 hxg5 39. Rh5 e4 40. fxe4 Rcxe4 41. Rah1 Qg4 42. Qd3 f5 43. Rh6 Ng6 44. Rh7+ Kg8 45. Kf1 f4 46. R7h6 Kg7 47. Bd4+ Ne5 48. Rh7+ Kg8 49. Qxe4 Qd1+ 50. Kg2 f3+ 51. Kh2 Qd2+ 52. Kh3 Qg2# 0-1

[Event "DM Hurtigskak 2024"]
[Site "Helsingor"]
[Date "2024.08.31"]
[Round "8.10"]
[White "Kryger, Oksana"]
[Black "Jacobsen, Mikkel Manosri"]
[Result "0-1"]
[WhiteElo "2056"]
[BlackElo "2262"]
[EventDate "2024.08.31"]
[EventType "swiss"]
[EventRounds "9"]
[EventCountry "DEN"]
[SourceTitle "Live v. Kasper Jerwiarz"]

1. d4 d5 2. c4 e6 3. Nf3 a6 4. cxd5 exd5 5. Nc3 h6 6. Bf4 Nf6 7. e3 Bd6 8. Bxd6 Qxd6 9. Bd3 O-O 10. O-O Re8 11. Qc2 Nc6 12. a3 Ne7 13. b4 c6 14. h3 g6 15. Ne5 Bf5 16. Rab1 Kg7 17. Na4 Bxd3 18. Qxd3 Nf5 19. Nc5 Qe7 20. a4 Nd6 21. Nb3 Nd7 22. Nxd7 Qxd7 23. Nd2 Re7 24. Rfe1 Rae8 25. Nf3 Qe6 26. Ne5 Kh7 27. Qe2 f6 28. Nd3 g5 29. Qf3 Qf7 30. Nb2 Kg7 31. Nd1 h5 32. Nc3 Qg6 33. b5 axb5 34. axb5 Nf5 35. Red1 g4 36. hxg4 hxg4 37. Qf4 g3 38. e4 dxe4 39. bxc6 bxc6 40. d5 e3 0-1

[Event "DM Hurtigskak 2024"]
[Site "Helsingor"]
[Date "2024.08.31"]
[Round "9.1"]
[White "Bjerre, Jonas Buhl"]
[Black "Christensen, Janus"]
[Result "1-0"]
[WhiteElo "2475"]
[BlackElo "2099"]
[EventDate "2024.08.31"]
[EventType "swiss"]
[EventRounds "9"]
[EventCountry "DEN"]
[SourceTitle "Live v. Kasper Jerwiarz"]

1. e4 e5 2. Nf3 Nc6 3. Bb5 a6 4. Ba4 g6 5. O-O Bg7 6. c3 Nge7 7. d4 exd4 8. cxd4 d5 9. exd5 Nxd5 10. Re1+ Be6 11. Bg5 Qd6 12. Nbd2 O-O 13. Ne4 Qb4 14. Bxc6 bxc6 15. Qc1 Rab8 16. b3 Bg4 17. Ne5 Bf5 18. Nxc6 Qb6 19. Nxb8 Rxb8 20. Qd2 Bxd4 21. Rad1 c5 22. Rc1 Re8 23. Ng3 Rxe1+ 24. Qxe1 Be6 25. Ne4 f6 26. Be3 Bxe3 27. fxe3 c4 28. bxc4 Nxe3 29. c5 1-0

[Event "DM Hurtigskak 2024"]
[Site "Helsingor"]
[Date "2024.08.31"]
[Round "9.2"]
[White "Falkesgaard, Jeppe Hald"]
[Black "Hansen, Sune Berg"]
[Result "0-1"]
[WhiteElo "2189"]
[BlackElo "2576"]
[EventDate "2024.08.31"]
[EventType "swiss"]
[EventRounds "9"]
[EventCountry "DEN"]
[SourceTitle "Live v. Kasper Jerwiarz"]

1. c4 g6 2. Nc3 Bg7 3. d4 d6 4. e4 Nf6 5. h3 Nbd7 6. Be3 e5 7. d5 Nc5 8. f3 Nh5 9. Nge2 a5 10. Qd2 Qh4+ 11. Bf2 Qe7 12. g4 Nf4 13. Nxf4 exf4 14. Qxf4 a4 15. Qd2 a3 16. b4 Qf6 17. O-O-O Qxf3 18. Bd4 Bxd4 19. Qxd4 O-O 20. Be2 Qf4+ 21. Kb1 Na4 22. Rdf1 Nxc3+ 23. Qxc3 Qxe4+ 24. Bd3 Qg2 25. Bc2 Bd7 26. Rhg1 Qe2 27. Re1 Qh2 28. Rh1 Qf2 29. Rhf1 Qh4 30. Re2 Ba4 31. Ref2 Bxc2+ 32. Qxc2 c6 33. dxc6 bxc6 34. Qd3 d5 35. cxd5 cxd5 36. Rxf7 Rxf7 37. Rxf7 Qe1+ 38. Kc2 Rc8+ 39. Kb3 Kxf7 40. Qxd5+ Qe6 0-1

[Event "DM Hurtigskak 2024"]
[Site "Helsingor"]
[Date "2024.08.31"]
[Round "9.3"]
[White "Hove, Esben Kjems"]
[Black "Thybo, Jesper Sondergaard"]
[Result "0-1"]
[WhiteElo "2305"]
[BlackElo "2484"]
[EventDate "2024.08.31"]
[EventType "swiss"]
[EventRounds "9"]
[EventCountry "DEN"]
[SourceTitle "Live v. Kasper Jerwiarz"]

1. d4 Nf6 2. Nf3 d5 3. Bf4 c5 4. e3 Nc6 5. c3 Qb6 6. Qb3 c4 7. Qc2 Bf5 8. Qc1 h6 9. h3 e6 10. Be2 Be7 11. O-O O-O 12. Nbd2 Rfc8 13. Bd1 Qd8 14. Bc2 b5 15. Re1 Bxc2 16. Qxc2 b4 17. e4 a5 18. Ne5 a4 19. a3 bxa3 20. Nxc6 Rxc6 21. bxa3 Rb6 22. exd5 exd5 23. Reb1 Rxb1+ 24. Rxb1 Bxa3 25. Ra1 Qe7 26. Be3 Ne4 27. Nb1 Bd6 28. Rxa4 Rb8 29. Ra1 f5 30. Nd2 f4 31. Nxe4 Qxe4 32. Qxe4 dxe4 33. Bd2 Rb2 34. Be1 f3 35. gxf3 exf3 36. Kf1 Bf4 37. Rd1 Kf7 38. d5 g5 39. h4 Ke7 40. hxg5 hxg5 41. Rd4 Kd6 42. Rxc4 Kxd5 43. Rd4+ Ke5 44. Rd1 Rc2 45. Rb1 Kd5 46. Rd1+ Ke4 47. Rd4+ Ke5 48. Rd1 g4 49. Rb1 Kf5 50. Rd1 Be5 51. Rd3 Rc1 52. Re3 Bf4 53. Rd3 Ke4 54. Rd4+ Ke5 55. Rd3 Kf5 56. Rd5+ Kg6 57. Rd4 Kg5 58. Rd8 Be5 59. Rd5 Kf4 60. Rd3 Bf6 61. Re3 g3 62. Kg1 gxf2+ 63. Kxf2 Rc2+ 0-1

[Event "DM Hurtigskak 2024"]
[Site "Helsingor"]
[Date "2024.08.31"]
[Round "9.4"]
[White "Pedersen, Daniel Vesterbaek"]
[Black "Meskenas, Paulius"]
[Result "0-1"]
[WhiteElo "2240"]
[BlackElo "2204"]
[EventDate "2024.08.31"]
[EventType "swiss"]
[EventRounds "9"]
[EventCountry "DEN"]
[SourceTitle "Live v. Kasper Jerwiarz"]

1. e4 e5 2. Nf3 Nc6 3. g3 Nf6 4. d3 d5 5. exd5 Nxd5 6. Bg2 Be7 7. O-O O-O 8. Nc3 Nxc3 9. bxc3 f5 10. Rb1 Bf6 11. Ba3 Re8 12. Re1 Rb8 13. Nd2 Ne7 14. Nc4 Nd5 15. Qd2 Kh8 16. f4 e4 17. Ne5 Bxe5 18. fxe5 e3 19. Qc1 Nxc3 20. Rb3 Nd5 21. c4 Ne7 22. Qxe3 b6 23. d4 Ba6 24. Rc3 b5 25. d5 b4 26. Bxb4 Rxb4 27. Qc5 Rb6 28. Rd3 Ng6 29. Rde3 f4 30. gxf4 Nxf4 31. Rf3 Nxg2 32. Kxg2 Rg6+ 33. Kh1 h6 34. e6 Qh4 35. Qe3 Bxc4 36. Rd1 Qg4 37. Qf2 Qe4 0-1

[Event "DM Hurtigskak 2024"]
[Site "Helsingor"]
[Date "2024.08.31"]
[Round "9.5"]
[White "Hector, Jonny"]
[Black "Le Besq, Alexander"]
[Result "1/2-1/2"]
[WhiteElo "2498"]
[BlackElo "2057"]
[EventDate "2024.08.31"]
[EventType "swiss"]
[EventRounds "9"]
[EventCountry "DEN"]
[SourceTitle "Live v. Kasper Jerwiarz"]

1. e4 c5 2. Nf3 d6 3. d4 cxd4 4. Nxd4 Nf6 5. Nc3 g6 6. Be2 Bg7 7. O-O O-O 8. Nb3 Nc6 9. Re1 Bd7 10. Bg5 h6 11. Bh4 Rc8 12. Qd2 Kh7 13. Rad1 Ne5 14. f3 Nc4 15. Bxc4 Rxc4 16. Qd3 b5 17. Bxf6 Bxf6 18. e5 Qb6+ 19. Kh1 Bf5 20. Qe2 Bxe5 21. Nd5 Qd8 22. Ne3 Rh4 23. Nxf5 gxf5 24. h3 Qb6 25. c3 e6 26. a3 Rg8 27. Nd2 Bg3 28. Rf1 Bf4 29. Qf2 Qxf2 30. Rxf2 d5 31. Nb3 Be3 32. Re2 Bb6 33. Nd4 Bxd4 34. cxd4 Rc8 35. Kh2 Rc4 36. Red2 f4 37. Rd3 Rh5 38. Rc3 Rg5 39. Rdd3 Rg8 40. b3 Rcc8 41. Kg1 a5 42. Kf2 b4 43. axb4 axb4 44. Rc5 Rxc5 45. dxc5 Rc8 46. Rd4 Rxc5 47. Rxf4 Rc2+ 48. Kg3 Kg6 49. Rxb4 e5 50. Rb8 Kf5 51. Rd8 d4 52. Rd7 f6 53. b4 Rb2 54. Rb7 Ke6 55. b5 d3 56. Rb8 Ke7 57. Rb7+ Ke6 58. Rb8 Kd7 59. Rb7+ Kc8 60. Rb6 Kc7 61. Rc6+ Kd7 62. Rc3 d2 63. Rd3+ Ke6 64. b6 Kf5 65. b7 Rxb7 66. Rxd2 Kg5 67. h4+ Kf5 68. Rd6 Rb4 69. Kh3 Rb3 70. g4+ Kg6 71. Kg2 Rb4 72. Rd7 h5 73. Kg3 hxg4 74. fxg4 Rb3+ 75. Kf2 Rh3 76. h5+ Kg5 77. Rg7+ Kf4 78. Rg6 f5 79. gxf5 Kxf5 80. Ra6 Rxh5 81. Ra3 Rh2+ 82. Ke1 e4 83. Rb3 Kf4 84. Ra3 Rg2 85. Rb3 Rg7 86. Ra3 Rd7 87. Rb3 Re7 88. Ke2 Rh7 89. Ke1 Rh1+ 90. Ke2 Rh2+ 91. Ke1 e3 92. Rb8 Kf3 93. Rf8+ 1/2-1/2

[Event "DM Hurtigskak 2024"]
[Site "Helsingor"]
[Date "2024.08.31"]
[Round "9.6"]
[White "Nielsen, Frode Benedikt"]
[Black "Bromann, Thorbjorn"]
[Result "0-1"]
[WhiteElo "2066"]
[BlackElo "2413"]
[EventDate "2024.08.31"]
[EventType "swiss"]
[EventRounds "9"]
[EventCountry "DEN"]
[SourceTitle "Live v. Kasper Jerwiarz"]

1. e4 g6 2. Nc3 Bg7 3. Bc4 e6 4. d3 Ne7 5. h4 d5 6. Bb3 h6 7. Qf3 Nbc6 8. Nge2 d4 9. Nb5 a6 10. Na3 b5 11. Qg3 Rb8 12. Bf4 e5 13. Bd2 Qd6 14. c3 dxc3 15. bxc3 Qxa3 0-1

[Event "DM Hurtigskak 2024"]
[Site "Helsingor"]
[Date "2024.08.31"]
[Round "9.7"]
[White "Eriksson, Christian Altenburg"]
[Black "Larsen, Karsten"]
[Result "1-0"]
[WhiteElo "2080"]
[BlackElo "2235"]
[EventDate "2024.08.31"]
[EventType "swiss"]
[EventRounds "9"]
[EventCountry "DEN"]
[SourceTitle "Live v. Kasper Jerwiarz"]

1. e4 e5 2. Nf3 Nc6 3. d4 exd4 4. Nxd4 Bc5 5. Nb3 Bb6 6. Nc3 Nf6 7. Qe2 O-O 8. Bg5 h6 9. Be3 Re8 10. f3 d6 11. O-O-O Be6 12. Kb1 Qe7 13. g4 Ne5 14. g5 Nh5 15. gxh6 g6 16. Rg1 Qf6 17. Nd4 Bxd4 18. Bxd4 Qxf3 19. Bxe5 Bxa2+ 20. Kxa2 Qxe2 21. Bxe2 Rxe5 22. Bxh5 Rxh5 23. Nd5 Rxh6 24. Rg2 Kg7 25. Nxc7 Rc8 26. Nb5 Rc6 27. Nxd6 Rh5 28. b3 1-0

[Event "DM Hurtigskak 2024"]
[Site "Helsingor"]
[Date "2024.08.31"]
[Round "9.8"]
[White "Jacobsen, Mikkel Manosri"]
[Black "Molvig, Henrik"]
[Result "1-0"]
[WhiteElo "2262"]
[BlackElo "2125"]
[EventDate "2024.08.31"]
[EventType "swiss"]
[EventRounds "9"]
[EventCountry "DEN"]
[SourceTitle "Live v. Kasper Jerwiarz"]

1. d4 Nf6 2. f3 d5 3. c4 c6 4. e4 dxe4 5. Nc3 exf3 6. Nxf3 g6 7. Be2 Bg7 8. Bg5 Bf5 9. O-O O-O 10. h3 Ne4 11. Bf4 Nxc3 12. bxc3 c5 13. Be5 Bh6 14. g4 Be3+ 15. Kh2 Be4 16. Bd3 Bxd3 17. Qxd3 Bh6 18. g5 Bg7 19. Rab1 b6 20. Qe4 Nd7 21. Bxg7 Kxg7 22. Rbe1 e6 23. d5 exd5 24. cxd5 Kg8 25. c4 a6 26. Kg2 b5 27. Qf4 bxc4 28. Nd2 Nb6 29. d6 Nd5 30. Qe5 Nb4 31. Ne4 f5 32. Nf6+ Kf7 33. Qe7+ 1-0

[Event "DM Hurtigskak 2024"]
[Site "Helsingor"]
[Date "2024.08.31"]
[Round "9.10"]
[White "Rosenlund, Thorbjorn"]
[Black "Wilbrandt, Simon Pil"]
[Result "1-0"]
[WhiteElo "2121"]
[BlackElo "2180"]
[EventDate "2024.08.31"]
[EventType "swiss"]
[EventRounds "9"]
[EventCountry "DEN"]
[SourceTitle "Live v. Kasper Jerwiarz"]

1. Nf3 d5 2. c4 d4 3. g3 c5 4. b4 f6 5. Bg2 e5 6. d3 cxb4 7. a3 bxa3 8. O-O Ne7 9. Bxa3 Nec6 10. Qb3 Bxa3 11. Qxa3 Qe7 12. Nbd2 Nb4 13. Rfb1 N8c6 14. Nb3 a5 15. Nfd2 b6 16. Qa4 Bd7 17. Qb5 Rb8 18. c5 Nc2 19. Bxc6 Nxa1 20. Bxd7+ Qxd7 21. Qxd7+ Kxd7 22. Rxa1 bxc5 23. Rxa5 Rhc8 24. Ra7+ Rc7 25. Nxc5+ Kd6 26. Nde4+ Kc6 27. Rxc7+ Kxc7 28. Na6+ 1-0